[Event "Monarch Assurance Isle of Man 13th"]
[Site "Port Erin IOM"]
[Date "2004.09.29"]
[Round "5.32"]
[White "Ashton, Adam"]
[Black "Horton, Justin"]
[Result "1/2-1/2"]
[WhiteElo "2270"]
[BlackElo "2091"]
[PlyCount "86"]
[EventDate "2004.09.25"]
[EventType "swiss"]
[EventRounds "9"]
[EventCountry "IOM"]
[SourceTitle "BritBase"]
[SourceDate "2008.07.14"]
[SourceVersion "1"]
[SourceVersionDate "2008.07.14"]
[SourceQuality "2"]

1. e4 e6 2. d4 d5 3. Nc3 Nf6 4. Bg5 Bb4 5. e5 h6 6. Bd2 Bxc3 7. bxc3 Ne4 8. Bc1
c5 9. Bd3 Nxc3 10. Qg4 g6 11. dxc5 Qa5 12. Bd2 Qxc5 13. Nf3 Nc6 14. O-O Bd7 15.
Qh4 Ne4 16. Bxe4 dxe4 17. Qxe4 O-O-O 18. Rab1 Qd5 19. Qe3 Kb8 20. Qa3 Bc8 21.
c4 Qd3 22. Qa4 Ka8 23. Be3 g5 24. Rb3 Qc2 25. h3 Rd1 26. Rxd1 Qxd1+ 27. Kh2 Rd8
28. Qa3 Qc2 29. Rb6 Qd3 30. Qa4 Qd1 31. Rb3 Rd3 32. Qa3 Rxb3 33. axb3 Qd8 34.
b4 b6 35. b5 Na5 36. Qc3 Bb7 37. Nd2 Qc7 38. f3 Bd5 39. c5 bxc5 40. Qxc5 Qxc5
41. Bxc5 Nc4 42. Nxc4 Bxc4 43. b6 a5 1/2-1/2

[Event "Monarch Assurance Isle of Man 13th"]
[Site "Port Erin IOM"]
[Date "2004.09.29"]
[Round "5.34"]
[White "Hagesaether, Arne"]
[Black "Allen, Keith"]
[Result "1-0"]
[WhiteElo "2101"]
[BlackElo "2241"]
[PlyCount "43"]
[EventDate "2004.09.25"]
[EventType "swiss"]
[EventRounds "9"]
[EventCountry "IOM"]
[SourceTitle "BritBase"]
[SourceDate "2008.07.14"]
[SourceVersion "1"]
[SourceVersionDate "2008.07.14"]
[SourceQuality "2"]

1. e4 c6 2. d4 d5 3. Nc3 dxe4 4. Nxe4 Nd7 5. Ng5 Ngf6 6. Bd3 e6 7. Qe2 Bd6 8.
N1f3 h6 9. Ne4 Nxe4 10. Qxe4 Qc7 11. O-O b6 12. Qg4 g5 13. Qh3 Rg8 14. Re1 g4
15. Qxh6 Nf8 16. Ne5 Bb7 17. Bg5 Be7 18. Nxf7 Kxf7 19. Qh5+ Kg7 20. Rxe6 Nxe6
21. Bh6+ Kf6 22. Qf5# 1-0

[Event "Monarch Assurance Isle of Man 13th"]
[Site "Port Erin IOM"]
[Date "2004.09.29"]
[Round "5.35"]
[White "Spence, David J"]
[Black "Noordhoek, Henk"]
[Result "1/2-1/2"]
[WhiteElo "2236"]
[BlackElo "2095"]
[PlyCount "98"]
[EventDate "2004.09.25"]
[EventType "swiss"]
[EventRounds "9"]
[EventCountry "IOM"]
[SourceTitle "BritBase"]
[SourceDate "2008.07.14"]
[SourceVersion "1"]
[SourceVersionDate "2008.07.14"]
[SourceQuality "2"]

1. d4 Nf6 2. Nf3 g6 3. Nc3 d5 4. Bf4 Bg7 5. e3 O-O 6. Be2 c5 7. O-O cxd4 8.
exd4 Nc6 9. Ne5 Nd7 10. Nf3 Nf6 11. Ne5 Nd7 12. Nxd7 Bxd7 13. Nxd5 Nxd4 14. Bc7
Qe8 15. c3 Nxe2+ 16. Qxe2 e6 17. Ne3 Qc8 18. Bd6 Rd8 19. Rfd1 Ba4 20. b3 Bc6
21. Rac1 b6 22. Ng4 Bb7 23. Be5 Qc6 24. f3 Qc5+ 25. Kf1 Bxe5 26. Qxe5 Qxe5 27.
Nxe5 f6 28. Nd3 Kf7 29. Ke2 e5 30. Nf2 Ke6 31. c4 Rac8 32. Rd3 Rxd3 33. Kxd3 f5
34. a4 a5 35. Ke3 g5 36. h4 f4+ 37. Ke2 Rg8 38. h5 Kf7 39. Rd1 Ke6 40. Ne4 Bxe4
41. fxe4 g4 42. Rd5 {(=)} Rc8 43. Kf2 g3+ 44. Kf3 Rc6 45. Kg4 Rd6 46. Kf3 Rd7
47. Ke2 Rd6 48. Kf3 Rc6 49. Kg4 Rd6 1/2-1/2

[Event "Monarch Assurance Isle of Man 13th"]
[Site "Port Erin IOM"]
[Date "2004.09.29"]
[Round "5.36"]
[White "Pimmingstorfer, Christian"]
[Black "Hutchinson, Paul A"]
[Result "0-1"]
[WhiteElo "2116"]
[BlackElo "2216"]
[PlyCount "50"]
[EventDate "2004.09.25"]
[EventType "swiss"]
[EventRounds "9"]
[EventCountry "IOM"]
[SourceTitle "BritBase"]
[SourceDate "2008.07.14"]
[SourceVersion "1"]
[SourceVersionDate "2008.07.14"]
[SourceQuality "2"]

1. f4 d5 2. Nf3 c5 3. e3 Nf6 4. b3 a6 5. Bb2 Nc6 6. Ne5 g6 7. c4 d4 8. Nxc6
bxc6 9. Be2 Bg7 10. Bf3 Bb7 11. O-O Qd6 12. exd4 cxd4 13. Ba3 Qc7 14. Qe2 Rd8
15. d3 Rd7 16. Bc5 O-O 17. Nd2 Re8 18. Be4 e6 19. Rae1 Rdd8 20. b4 a5 21. bxa5
Qxa5 22. Nb3 Qa6 23. Nxd4 Nxe4 24. Qxe4 Bxd4+ 25. Bxd4 c5 0-1

[Event "Monarch Assurance Isle of Man 13th"]
[Site "Port Erin IOM"]
[Date "2004.09.29"]
[Round "5.37"]
[White "Walton, Alan J"]
[Black "Murtagh, Dermot"]
[Result "1/2-1/2"]
[WhiteElo "2208"]
[BlackElo "1889"]
[PlyCount "125"]
[EventDate "2004.09.25"]
[EventType "swiss"]
[EventRounds "9"]
[EventCountry "IOM"]
[SourceTitle "BritBase"]
[SourceDate "2008.07.14"]
[SourceVersion "1"]
[SourceVersionDate "2008.07.14"]
[SourceQuality "2"]

1. d4 Nf6 2. Bg5 b6 3. f3 Bb7 4. e4 d6 5. Bd3 e5 6. Ne2 Be7 7. Be3 O-O 8. O-O
Nbd7 9. c3 d5 10. Ng3 Re8 11. Nd2 c5 12. dxe5 Nxe5 13. Bb5 Bc6 14. Bxc6 Nxc6
15. Qc2 Qc7 16. Bf2 Rad8 17. Rfe1 Bf8 18. exd5 Rxd5 19. Nde4 Nxe4 20. Nxe4 Red8
21. Bg3 Qd7 22. Re2 Ne5 23. Bxe5 Rxe5 24. Rd2 Rd5 25. Rad1 Qe6 26. b3 f5 27.
Rxd5 Rxd5 28. Rxd5 Qxd5 29. Nf2 g6 30. Qe2 Qd7 31. g3 Bg7 32. Kg2 Kf7 33. Nh3
Bh6 34. Kf2 Qd2 35. Qxd2 Bxd2 36. c4 Kf6 37. Ke2 Bc3 38. Kd3 Bd4 39. Nf4 Bg1
40. h3 h5 41. Nd5+ Ke5 42. f4+ Kd6 43. Nc3 Bf2 44. Nb5+ Ke6 45. Nxa7 Bxg3 46.
Ke3 Bh4 47. Nb5 Bd8 48. Kf3 Kd7 49. Nc3 Ke6 50. Ne2 Kd7 51. a4 Ke6 {(=)} 52.
Ng1 Bf6 53. Kg3 Kd7 54. Nf3 Ke6 55. Kf2 Kd6 56. Ke3 Ke6 57. Kd3 Kd6 58. Ke3 Ke6
59. Ne1 Be7 60. Kf3 Bd6 61. Nc2 Kd7 62. Ne3 Bc7 63. h4 1/2-1/2

[Event "Monarch Assurance Isle of Man 13th"]
[Site "Port Erin IOM"]
[Date "2004.09.29"]
[Round "5.39"]
[White "Truman, Richard G"]
[Black "McPhillips, Karl"]
[Result "0-1"]
[WhiteElo "2023"]
[BlackElo "2172"]
[PlyCount "58"]
[EventDate "2004.09.25"]
[EventType "swiss"]
[EventRounds "9"]
[EventCountry "IOM"]
[SourceTitle "BritBase"]
[SourceDate "2008.07.14"]
[SourceVersion "1"]
[SourceVersionDate "2008.07.14"]
[SourceQuality "2"]

1. d4 Nf6 2. c4 e6 3. Nc3 d5 4. Bg5 Be7 5. e3 O-O 6. Nf3 h6 7. Bh4 b6 8. Rc1
Bb7 9. Bxf6 Bxf6 10. cxd5 exd5 11. Bd3 c5 12. O-O Nd7 13. Bb1 g6 14. Qd2 cxd4
15. exd4 Bg7 16. Qf4 Qb8 17. Qh4 a6 18. Rfe1 Qd8 19. Qf4 Rc8 20. Bd3 b5 21. b4
Nb6 22. Ne5 Rc7 23. Ne2 Nc4 24. Qg3 Re8 25. f4 Bc8 26. Nc3 Qd6 27. Qf3 Rd8 28.
Rcd1 Nxe5 29. dxe5 Qb6+ 0-1

[Event "Monarch Assurance Isle of Man 13th"]
[Site "Port Erin IOM"]
[Date "2004.09.29"]
[Round "5.40"]
[White "Spanton, Tim"]
[Black "Almond, Richard J"]
[Result "1-0"]
[WhiteElo "2004"]
[BlackElo "2158"]
[PlyCount "119"]
[EventDate "2004.09.25"]
[EventType "swiss"]
[EventRounds "9"]
[EventCountry "IOM"]
[SourceTitle "BritBase"]
[SourceDate "2008.07.14"]
[SourceVersion "1"]
[SourceVersionDate "2008.07.14"]
[SourceQuality "2"]

1. e4 d5 2. d4 dxe4 3. Nc3 Nf6 4. f3 exf3 5. Nxf3 Bf5 6. Bc4 e6 7. O-O Be7 8.
Ne5 Bg6 9. Be3 Nbd7 10. Nxg6 hxg6 11. Qf3 c6 12. Ne4 Nb6 13. Bb3 Nbd5 14. Bf2
Nxe4 15. Qxe4 Bd6 16. g3 Qg5 17. h4 Qe7 18. c4 Nf6 19. Qf3 O-O 20. g4 Bc7 21.
Kg2 Qd6 22. Rh1 b5 23. Rac1 Qf4 24. cxb5 cxb5 25. Rc5 a6 26. Qxf4 Bxf4 27. Kf3
Bd2 28. Rd1 Bb4 29. Rc6 Rfd8 30. Rdc1 Nd5 31. a3 Bf8 32. Ke4 Ne7 33. R6c2 Rac8
34. Bg3 Rxc2 35. Rxc2 Rc8 36. Rxc8 Nxc8 37. d5 f5+ 38. Kf3 Kf7 39. dxe6+ Ke7
40. Be5 Nb6 41. Bd4 Nc8 42. gxf5 gxf5 43. Kf4 Kd6 44. Kxf5 Ne7+ 45. Ke4 Ng6 46.
h5 Ne7 47. Bc3 Kc6 48. Ke5 Kc7 49. Bd5 Nc8 50. Ba5+ Kb8 51. Bb4 Ne7 52. Bxe7
Bxe7 53. Kf5 Kc7 54. Kg6 Kd6 55. Ba2 a5 56. Kxg7 Bg5 57. Kf7 b4 58. axb4 axb4
59. h6 Bxh6 60. e7 1-0

[Event "Monarch Assurance Isle of Man 13th"]
[Site "Port Erin IOM"]
[Date "2004.09.29"]
[Round "5.41"]
[White "Goodger, Martyn"]
[Black "Waugh, Jonathan C"]
[Result "1-0"]
[WhiteElo "2136"]
[BlackElo "1885"]
[PlyCount "21"]
[EventDate "2004.09.25"]
[EventType "swiss"]
[EventRounds "9"]
[EventCountry "IOM"]
[SourceTitle "BritBase"]
[SourceDate "2008.07.14"]
[SourceVersion "1"]
[SourceVersionDate "2008.07.14"]
[SourceQuality "2"]

1. e4 c5 2. Nf3 d6 3. Bc4 Nf6 4. e5 dxe5 5. Nxe5 e6 6. Qe2 Nbd7 7. Nxf7 Kxf7 8.
Qxe6+ Kg6 9. h4 Qe8 10. h5+ Kh6 11. d4+ 1-0

[Event "Monarch Assurance Isle of Man 13th"]
[Site "Port Erin IOM"]
[Date "2004.09.29"]
[Round "5.42"]
[White "Hutchinson, Norman A"]
[Black "Marks, Ian A"]
[Result "1-0"]
[WhiteElo "2176"]
[BlackElo "1910"]
[PlyCount "65"]
[EventDate "2004.09.25"]
[EventType "swiss"]
[EventRounds "9"]
[EventCountry "IOM"]
[SourceTitle "BritBase"]
[SourceDate "2008.07.14"]
[SourceVersion "1"]
[SourceVersionDate "2008.07.14"]
[SourceQuality "2"]

1. e4 c5 2. Nf3 d6 3. c3 Nf6 4. Bd3 Nc6 5. O-O g6 6. Re1 Bg4 7. h3 Bxf3 8. Qxf3
Bg7 9. Bb5 Nd7 10. Na3 O-O 11. Nc2 e6 12. d3 Qb6 13. Bxc6 bxc6 14. Ne3 d5 15.
c4 dxe4 16. dxe4 Ne5 17. Qe2 Rfd8 18. Rd1 Rd4 19. f4 Rxd1+ 20. Nxd1 Nd7 21. e5
Re8 22. Nf2 f6 23. Nd3 fxe5 24. fxe5 Qb8 25. Bf4 Rf8 26. Bh2 Qb6 27. Rd1 Qa5
28. Nf4 Bxe5 29. Rxd7 Bd4+ 30. Kh1 Qxa2 31. Qxe6+ Kh8 32. Nxg6+ hxg6 33. Be5+
1-0

[Event "Monarch Assurance Isle of Man 13th"]
[Site "Port Erin IOM"]
[Date "2004.09.29"]
[Round "5.43"]
[White "Fairbairn, Stephen"]
[Black "Van Kemenade, Rudy"]
[Result "0-1"]
[WhiteElo "2057"]
[BlackElo "2107"]
[PlyCount "40"]
[EventDate "2004.09.25"]
[EventType "swiss"]
[EventRounds "9"]
[EventCountry "IOM"]
[SourceTitle "BritBase"]
[SourceDate "2008.07.14"]
[SourceVersion "1"]
[SourceVersionDate "2008.07.14"]
[SourceQuality "2"]

1. c4 g6 2. d4 Bg7 3. e4 d6 4. Nc3 Nf6 5. Be2 O-O 6. Bg5 Na6 7. Qd2 Qe8 8. h4
e5 9. d5 Nc5 10. f3 Nh5 11. g4 Nf4 12. Bxf4 exf4 13. Qxf4 f5 14. gxf5 gxf5 15.
Qe3 fxe4 16. fxe4 Bf5 17. O-O-O Nxe4 18. Nxe4 Qxe4 19. Qxe4 Bxe4 20. Rh3 Bh6+
0-1

[Event "Monarch Assurance Isle of Man 13th"]
[Site "Port Erin IOM"]
[Date "2004.09.29"]
[Round "5.44"]
[White "Nicholson, John"]
[Black "Henrichsen, Jens"]
[Result "1-0"]
[WhiteElo "2021"]
[BlackElo "2084"]
[PlyCount "43"]
[EventDate "2004.09.25"]
[EventType "swiss"]
[EventRounds "9"]
[EventCountry "IOM"]
[SourceTitle "BritBase"]
[SourceDate "2008.07.14"]
[SourceVersion "1"]
[SourceVersionDate "2008.07.14"]
[SourceQuality "2"]

1. e4 c5 2. Nf3 e6 3. c3 d5 4. e5 Nc6 5. d4 Nh6 6. Bd3 f6 7. O-O cxd4 8. cxd4
fxe5 9. dxe5 Nf7 10. Re1 Bd7 11. Nc3 Rc8 12. Nxd5 exd5 13. e6 Bxe6 14. Rxe6+
Be7 15. Ng5 Nxg5 16. Bxg5 O-O 17. Qh5 Bxg5 18. Bxh7+ Kh8 19. Bf5+ Kg8 20. Qh7+
Kf7 21. Qg6+ Kg8 22. Rd6 1-0

[Event "Monarch Assurance Isle of Man 13th"]
[Site "Port Erin IOM"]
[Date "2004.09.29"]
[Round "5.45"]
[White "Fraser-Mitchell, Jeremy"]
[Black "Gorka, Carl"]
[Result "1/2-1/2"]
[WhiteElo "2082"]
[BlackElo "1882"]
[PlyCount "49"]
[EventDate "2004.09.25"]
[EventType "swiss"]
[EventRounds "9"]
[EventCountry "IOM"]
[SourceTitle "BritBase"]
[SourceDate "2008.07.14"]
[SourceVersion "1"]
[SourceVersionDate "2008.07.14"]
[SourceQuality "2"]

1. d4 d5 2. c4 e6 3. Nc3 Nf6 4. Bg5 Bb4 5. cxd5 exd5 6. e3 h6 7. Bh4 c5 8. Nf3
g5 9. Bg3 Ne4 10. Qc2 Qa5 11. Rc1 Bf5 12. Bd3 Qxa2 13. Bxb8 Rxb8 14. dxc5 Bxc3+
15. bxc3 Qxc2 16. Bxc2 Be6 17. Bxe4 dxe4 18. Nd2 f5 19. Ra1 Ra8 20. g4 Ke7 21.
gxf5 Bxf5 22. O-O Rhd8 23. Nb3 Rd3 24. Nd4 Bd7 25. Rfc1 1/2-1/2

[Event "Monarch Assurance Isle of Man 13th"]
[Site "Port Erin IOM"]
[Date "2004.09.29"]
[Round "5.46"]
[White "Dossett, Christopher"]
[Black "Pym, Thomas"]
[Result "1/2-1/2"]
[WhiteElo "1886"]
[BlackElo "2059"]
[PlyCount "108"]
[EventDate "2004.09.25"]
[EventType "swiss"]
[EventRounds "9"]
[EventCountry "IOM"]
[SourceTitle "BritBase"]
[SourceDate "2008.07.14"]
[SourceVersion "1"]
[SourceVersionDate "2008.07.14"]
[SourceQuality "2"]

1. e4 c5 2. Nf3 d6 3. d4 cxd4 4. Nxd4 Nf6 5. Nc3 g6 6. f4 Bg7 7. e5 Nh5 8. exd6
O-O 9. Be3 Qxd6 10. Qd2 Nc6 11. Ncb5 Qb4 12. c3 {(=)} Qa5 13. b4 Qd8 14. Rd1
Nxd4 15. Bxd4 a6 16. Bxg7 Qxd2+ 17. Rxd2 Kxg7 18. Nc7 Ra7 19. Nd5 b5 20. Be2
Nf6 21. Nxf6 Kxf6 22. c4 {(=)} bxc4 23. Bxc4 Rc7 24. Be2 Rc1+ 25. Bd1 Bg4 26.
O-O Bxd1 27. Rfxd1 Rfc8 28. g3 Rxd1+ 29. Rxd1 Rc2 30. a3 h5 31. Rd5 h4 32. gxh4
Rc4 33. Ra5 Rxf4 34. Rxa6+ Ke5 35. h5 gxh5 36. Ra5+ Kd4 37. Rxh5 e5 38. b5 e4
39. b6 e3 40. Rb5 e2 41. Rb1 Ke3 42. h3 Rf6 43. b7 Rb6 44. Rxb6 e1=Q+ 45. Kg2
Qf2+ 46. Kh1 Qf3+ 47. Kh2 Qf4+ 48. Kh1 Qb8 49. a4 f5 50. a5 f4 51. a6 f3 52.
Rb3+ Kf2 53. Rb2+ Kf1 54. Rb1+ Kf2 1/2-1/2

[Event "Monarch Assurance Isle of Man 13th"]
[Site "Port Erin IOM"]
[Date "2004.09.29"]
[Round "5.47"]
[White "Cannon, Richard J"]
[Black "Webster, Richard J"]
[Result "1-0"]
[WhiteElo "2060"]
[BlackElo "2008"]
[PlyCount "101"]
[EventDate "2004.09.25"]
[EventType "swiss"]
[EventRounds "9"]
[EventCountry "IOM"]
[SourceTitle "BritBase"]
[SourceDate "2008.07.14"]
[SourceVersion "1"]
[SourceVersionDate "2008.07.14"]
[SourceQuality "2"]

1. e4 e6 2. d4 d5 3. Nc3 Nf6 4. exd5 exd5 5. Bg5 c6 6. Bd3 Be7 7. Nge2 Nbd7 8.
O-O O-O 9. Ng3 h6 10. Bf4 Nb6 11. Qc1 Re8 12. Bxh6 gxh6 13. Qxh6 Bf8 14. Qg5+
Bg7 15. Rae1 Ne4 16. Qh5 Nf6 17. Rxe8+ Qxe8 18. Qg5 Nc4 19. Nd1 Nd6 20. h4 Nfe4
21. Qf4 Qe6 22. Nxe4 dxe4 23. Be2 Qf6 24. Qh2 Nf5 25. c3 Qxh4 26. Qc7 Bf8 27.
g3 Qe7 28. Qa5 Be6 29. Qe5 Nd6 30. Ne3 Bh3 31. Rd1 Qxe5 32. dxe5 Nf5 33. Nc4
Nh6 34. Rd4 Be6 35. Rxe4 Rd8 36. g4 Kg7 37. b4 Bxc4 38. Bxc4 Rd1+ 39. Kg2 Rd7
40. g5 Ng8 41. Rf4 c5 42. b5 Re7 43. Re4 Kg6 44. f4 Rd7 45. Re2 Rd1 46. Bb3 Rd7
47. e6 fxe6 48. Rxe6+ Kf5 49. Re8 Rd2+ 50. Kf3 Bd6 51. Be6+ 1-0

[Event "Monarch Assurance Isle of Man 13th"]
[Site "Port Erin IOM"]
[Date "2004.09.29"]
[Round "5.48"]
[White "De Lagontrie, Jean"]
[Black "Bennion, David A"]
[Result "1/2-1/2"]
[WhiteElo "1968"]
[BlackElo "2052"]
[PlyCount "104"]
[EventDate "2004.09.25"]
[EventType "swiss"]
[EventRounds "9"]
[EventCountry "IOM"]
[SourceTitle "BritBase"]
[SourceDate "2008.07.14"]
[SourceVersion "1"]
[SourceVersionDate "2008.07.14"]
[SourceQuality "2"]

1. d4 Nf6 2. c4 g6 3. Nc3 d5 4. cxd5 Nxd5 5. e4 Nxc3 6. bxc3 c5 7. Bb5+ Bd7 8.
Be2 Bg7 9. Nf3 Nc6 10. Be3 cxd4 11. cxd4 Qa5+ 12. Qd2 Qxd2+ 13. Kxd2 O-O-O 14.
Rac1 Kb8 15. Rhd1 Rhf8 16. Ke1 Bg4 17. d5 Nb4 18. Bd4 Bxf3 19. gxf3 Bxd4 20.
Rxd4 Nc6 21. Rd2 Na5 22. Rdc2 f6 23. Rc5 Rc8 24. Rxc8+ Rxc8 25. Rxc8+ Kxc8 26.
f4 Kd7 27. Kd2 e6 28. Kc3 exd5 29. exd5 Kd6 30. Kd4 h6 31. Bd3 g5 32. fxg5 fxg5
33. Be2 a6 34. Bg4 b5 35. Bc8 b4 36. Bxa6 b3 37. axb3 Nxb3+ 38. Ke3 {(=)} Kxd5
39. Bc8 Ke5 40. Bg4 Nc5 41. h3 Ne6 42. Bxe6 Kxe6 43. Ke4 Kf6 44. f4 gxf4 45.
Kxf4 Kg6 46. Kg4 Kf6 47. h4 Kg6 48. h5+ Kf6 49. Kf4 Ke6 50. Ke4 Kf6 51. Kf4 Ke6
52. Ke4 Kf6 1/2-1/2

[Event "Monarch Assurance Isle of Man 13th"]
[Site "Port Erin IOM"]
[Date "2004.09.30"]
[Round "6.9"]
[White "Kulaots, Kaido"]
[Black "Conquest, Stuart"]
[Result "0-1"]
[WhiteElo "2593"]
[BlackElo "2488"]
[PlyCount "66"]
[EventDate "2004.09.25"]
[EventType "swiss"]
[EventRounds "9"]
[EventCountry "IOM"]
[SourceTitle "BritBase"]
[SourceDate "2008.07.14"]
[SourceVersion "1"]
[SourceVersionDate "2008.07.14"]
[SourceQuality "2"]

1. e4 c6 2. d4 d5 3. Nc3 dxe4 4. Nxe4 Nd7 5. Ng5 Ndf6 6. Bc4 e6 7. Qe2 Bd6 8.
Bd2 Qc7 9. O-O-O a6 10. Kb1 h6 11. Ne4 Nxe4 12. Qxe4 Nf6 13. Qe2 b5 14. Bd3 Bb7
15. Nf3 c5 16. dxc5 Bxc5 17. Ne5 O-O 18. Rhe1 Rfd8 19. g4 Rd4 20. c3 Ra4 21.
Bc2 Be4 22. Nd3 Bxd3 23. Qxd3 Rxg4 24. Qf3 Rb8 25. h3 Rh4 26. Rg1 Be7 27. Rg3
Rd8 28. Rdg1 Rxd2 29. Rxg7+ Kf8 30. Qg2 Bb4 31. Bb3 Re4 32. Qf3 Ree2 33. Ka1
Qe5 0-1

[Event "Monarch Assurance Isle of Man 13th"]
[Site "Port Erin IOM"]
[Date "2004.09.30"]
[Round "6.10"]
[White "Pavlovic, Milos"]
[Black "Greet, Andrew"]
[Result "1-0"]
[WhiteElo "2498"]
[BlackElo "2310"]
[PlyCount "111"]
[EventDate "2004.09.25"]
[EventType "swiss"]
[EventRounds "9"]
[EventCountry "IOM"]
[SourceTitle "BritBase"]
[SourceDate "2008.07.14"]
[SourceVersion "1"]
[SourceVersionDate "2008.07.14"]
[SourceQuality "2"]

1. e4 c5 2. Nf3 Nc6 3. d4 cxd4 4. Nxd4 g6 5. c4 Bg7 6. Be3 Nf6 7. Nc3 O-O 8.
Be2 d6 9. O-O Bd7 10. Qd2 Nxd4 11. Bxd4 Bc6 12. f3 a5 13. b3 Nd7 14. Be3 Nc5
15. Rab1 Qb6 16. Rfc1 Rfc8 17. Rc2 Qd8 18. Bf1 Be5 19. Kh1 Qf8 20. Nd5 Bxd5 21.
exd5 Qg7 22. f4 Bf6 23. g3 Ne4 24. Qg2 Nc5 25. Rd1 Rc7 26. Qf3 Rb8 27. Bf2 b6
28. g4 h6 29. h4 g5 30. hxg5 hxg5 31. Bxc5 bxc5 32. Bd3 a4 33. Rh2 axb3 34.
axb3 Rxb3 35. fxg5 Be5 36. Rh7 Qg6 37. Rh3 Rxd3 38. Qxd3 Qxd3 39. Rdxd3 Rb7 40.
Rb3 Rb4 41. Rxb4 cxb4 42. Kg2 Kg7 43. Re3 Bc3 44. Rxe7 b3 45. Rb7 b2 46. Kf3
Kg6 47. Kf4 Be5+ 48. Ke4 Bg7 49. Kd3 Kxg5 50. Kc2 Kxg4 51. Rxf7 Be5 52. Rf1 Kg5
53. Rd1 Kf6 54. c5 dxc5 55. d6 Bd4 56. Re1 1-0

[Event "Monarch Assurance Isle of Man 13th"]
[Site "Port Erin IOM"]
[Date "2004.09.30"]
[Round "6.15"]
[White "Rowson, Jonathan"]
[Black "Afek, Yochanan"]
[Result "1-0"]
[WhiteElo "2558"]
[BlackElo "2325"]
[PlyCount "129"]
[EventDate "2004.09.25"]
[EventType "swiss"]
[EventRounds "9"]
[EventCountry "IOM"]
[SourceTitle "BritBase"]
[SourceDate "2008.07.14"]
[SourceVersion "1"]
[SourceVersionDate "2008.07.14"]
[SourceQuality "2"]

1. d4 Nf6 2. c4 g6 3. Nc3 Bg7 4. e4 O-O 5. Be3 d6 6. f3 Nc6 7. Nge2 a6 8. Qd2
Rb8 9. Rc1 e5 10. d5 Ne7 11. c5 Ne8 12. Na4 dxc5 13. Nxc5 c6 14. dxc6 Qxd2+ 15.
Bxd2 bxc6 16. Rc2 Nc7 17. Nc1 Nb5 18. N1b3 Rd8 19. Ba5 Re8 20. Bc4 Bh6 21. Kf2
Nd4 22. Nxd4 exd4 23. Rd1 Be3+ 24. Kf1 Bf4 25. h3 Bd6 26. b4 g5 27. Rxd4 Bxc5
28. bxc5 Rb1+ 29. Kf2 Ng6 30. Rd8 Rxd8 31. Bxd8 Ne5 32. Be2 h6 33. h4 gxh4 34.
Bxh4 Kg7 35. Bg3 f6 36. Bf4 a5 37. Bc1 Be6 38. f4 Nd7 39. a3 Rb3 40. Bf3 Rb5
41. Be3 Bb3 42. Rc3 Ba4 43. Kg3 Kf7 44. Rc4 Bb3 45. Be2 Rb7 46. Rc3 Ba4 47. Bf3
Rb2 48. Rc4 Bb5 49. Rc3 a4 50. Bd1 Rb1 51. Bc2 Ra1 52. Bd3 Bxd3 53. Rxd3 Ke7
54. Kg4 Rb1 55. Rd6 Re1 56. Bd4 Rxe4 57. Kf5 Re2 58. Rxc6 Rxg2 59. Re6+ Kf7 60.
c6 Rd2 61. Rd6 Nf8 62. Rxf6+ Ke8 63. Be5 h5 64. Bd6 Nh7 65. Rh6 1-0

[Event "Monarch Assurance Isle of Man 13th"]
[Site "Port Erin IOM"]
[Date "2004.09.30"]
[Round "6.17"]
[White "Ramesh, R.B."]
[Black "Cox, John"]
[Result "1/2-1/2"]
[WhiteElo "2484"]
[BlackElo "2314"]
[PlyCount "125"]
[EventDate "2004.09.25"]
[EventType "swiss"]
[EventRounds "9"]
[EventCountry "IOM"]
[SourceTitle "BritBase"]
[SourceDate "2008.07.14"]
[SourceVersion "1"]
[SourceVersionDate "2008.07.14"]
[SourceQuality "2"]

1. e4 Nf6 2. e5 Nd5 3. d4 d6 4. Nf3 dxe5 5. Nxe5 c6 6. Be2 Bf5 7. O-O Nd7 8.
Nf3 h6 9. Bd3 Bxd3 10. Qxd3 e6 11. c4 N5f6 12. Bf4 Be7 13. Nc3 O-O 14. Rad1 Qb6
15. b3 Rfd8 16. h3 Bb4 17. Qc2 Bxc3 18. Qxc3 c5 19. Rfe1 cxd4 20. Rxd4 Rac8 21.
Qd2 Nb8 22. Be5 Ne8 23. Rxd8 Qxd8 24. Qe2 Nc6 25. Bc3 Qe7 26. Qb2 a6 27. a4 f6
28. b4 e5 29. Nd2 Qd7 30. c5 Qd5 31. Qb3 Qxb3 32. Nxb3 Kf7 33. Kf1 Nc7 34. Rc1
Ke6 35. Bd2 Rd8 36. Ke2 Nd4+ 37. Nxd4+ Rxd4 38. Bc3 Rd5 39. Bd2 Kd7 40. Be3 f5
41. f3 Kc6 42. Rb1 g5 {(=)} 43. g4 f4 44. Bf2 Ne6 45. b5+ axb5 46. axb5+ Kd7
47. Rc1 Kc7 48. Rc4 Nd8 49. Rc1 Ne6 50. Rc2 Nd4+ 51. Bxd4 Rxd4 52. c6 e4 53.
fxe4 Rxe4+ 54. Kf2 Re3 55. h4 gxh4 56. Rc4 bxc6 57. Rxc6+ Kb7 58. Rc4 Rg3 59.
Rxf4 Kb6 60. Rb4 Rc3 61. Kg2 Rc5 62. Kh3 h5 63. Kxh4 1/2-1/2

[Event "Monarch Assurance Isle of Man 13th"]
[Site "Port Erin IOM"]
[Date "2004.09.30"]
[Round "6.18"]
[White "Handke, Florian"]
[Black "Mannion, Stephen"]
[Result "1-0"]
[WhiteElo "2461"]
[BlackElo "2333"]
[PlyCount "85"]
[EventDate "2004.09.25"]
[EventType "swiss"]
[EventRounds "9"]
[EventCountry "IOM"]
[SourceTitle "BritBase"]
[SourceDate "2008.07.14"]
[SourceVersion "1"]
[SourceVersionDate "2008.07.14"]
[SourceQuality "2"]

1. d4 Nf6 2. c4 c5 3. d5 b5 4. Nf3 b4 5. Nbd2 g6 6. e4 d6 7. h3 Bg7 8. Bd3 O-O
9. O-O Nbd7 10. Re1 Qc7 11. Nf1 a5 12. Bg5 h6 13. Be3 Nb6 14. Rc1 e5 15. Ng3
Bd7 16. Nh2 Qc8 17. Qd2 Kh7 18. f4 Be8 19. fxe5 dxe5 20. Rf1 Nbd7 21. Rf2 Ra6
22. Rcf1 Qd8 23. Be2 Qe7 24. Bg4 Nxg4 25. hxg4 f6 26. Rf3 Bf7 27. Qf2 Bg8 28.
Ne2 Rc8 29. Rh3 Rf8 30. Ng3 Rf7 31. Nf3 Bf8 32. Nh4 f5 33. gxf5 g5 34. Ng6 Qd8
35. Qd2 Kg7 36. Nh5+ Kh7 37. Bxg5 hxg5 38. Nxf8+ Rxf8 39. Nf6+ Kg7 40. Qxg5+
Kf7 41. Qg6+ Ke7 42. Nxg8+ Rxg8 43. Rh7+ 1-0